=LDR 00000nam 2200000 4500 =001 INLIS000000000060690 =005 20220318094722 =035 ##$$a 0010-0322000043 =007 ta =008 220318###########################0###### =082 ##$$a 306.095 985 36 =084 ##$$a 306.095 985 36 Sit b =100 #$$a Siti Maryam R Salahuddin =245 1#$$a Bandar Bima =260 ##$$a Mataram :$b Depaertemen Pendidikan dan Kebudayaan Provinsi Nusa Tenggara Barat,$c 1993 =300 ##$$a viii,124 halaman : $b ilustrasi ; $c 23 cm =700 #$$a Editor, Sri Wulan Rudjiati Mulyadi =600 #4$$a Kebudayaan Bima =990 ##$$a 08120812 =990 ##$$a ..../93